Tradiciones peruanas

Shranjeno v:
Bibliografske podrobnosti
Glavni avtor: Palma, Ricardo
Format: Knjiga
Jezik:Undetermined
Izdano: San José, Costa Rica Editorial Costa Rica 1979
Teme:
Oznake: Označite
Brez oznak, prvi označite!

MARC

LEADER 00000nam a2200000Ia 4500
008 170316s9999 xx 000 0 und d
040 |a cru BVZT 
090 |a 860 P-5tr 
100 |a Palma, Ricardo 
245 |a Tradiciones peruanas 
260 |a San José, Costa Rica 
260 |b Editorial Costa Rica 
260 |c 1979 
300 |a 87 páginas 
650 |a LITERATURA LATINOAMERICANA 
999 |c 9107  |d 9107 
942 |c 15 D  |h 860 P-5tr  |2 z